| 000 | 01052cam a22002291 4500 | ||
|---|---|---|---|
| 001 | af 48002581 | ||
| 003 | DLC | ||
| 005 | 20260227110856.0 | ||
| 008 | 810630s1944 fr b 000 0bfre c | ||
| 010 | _aaf 48002581 | ||
| 035 | _a(OCoLC)7540214 | ||
| 040 |
_aCalifornia. Univ. Libr. _cNNU _dCLU _dDLC |
||
| 042 | _apremarc | ||
| 050 | 0 | 0 |
_aG256.M6 _bL6 |
| 100 | 1 |
_aJore, Léonce Alphonse Noël Henri, _d1882- |
|
| 245 | 1 | 3 |
_aUn belge au service de la France dans l'Océan Pacifique; _bnotice historique et biographique concernant J. A. Moerenhout, consul général des Etats-Unis aux Iles Océaniennes de 1835 à 1837, consul de France à Tahiti de 1839 1̀844, auteur des Voyages aux îles du Grand Océan. |
| 260 |
_aParis, _bA. Maisonneuve _c[1944] |
||
| 300 |
_a183 p. ; _c21 cm. |
||
| 500 | _a"Publié comme introduction à l'édition phototypique [des Voyages aux îles du Grand Océan] de M.DCCCC.XLII par la Librairie d'Amérique et d'Orient." | ||
| 504 | _aBibliographical footnotes. | ||
| 600 | 1 | 0 |
_aMoerenhout, Jacques Antoine, _d1796?-1879. |
| 999 |
_c5098 _d5098 |
||